LEADER 01016nam a2200205 i 4500 001 000000226097 003 CaOOAMICUS 005 20140107000000.0 008 140107s1743 it u000 u lat u 013 $a204999 026 $ab-s, ueu* inf- exdi (3) 1743 (R) 040 $aSeMil$bita 245 10$aTomus 1. 300 $a[16], LII, XLVIII, 150, [2] p., [1] carta di tav. :$britr. 500 $aFront. stampato in rosso e nero. - Segn. : ?8 *-3*6 4*8 a-d6 A-M6 N4. 773 0 $aPetrus : Damiani $tSancti Petri Damiani ... Opera omnia nunc primum in unum collecta ac argumentis, & notationibus illustrata studio ac labore domni Constantini Cajetani ... Tomus 1. [-4.].$dParisiis ; Prostant Venetiis : Apud Josephum Corona in via Mercatoria, sub Signo Praemii, 1743.$g1$w()29276 850 $aSeMil 852 $aSeMil$W1$xVenegono$y1$m2Q VI 3 FA$j176443$B176443$CSeMilBibl$Z2$F186972 $8I 961 $aOmaggio: Seminario Arcivescovile di Milano 996 $6245$aTomus 1$9(OLS)http://semarc/title/47282 LEADER 01115nam a2200217 i 4500 001 000000029748 003 CaOOAMICUS 005 20190529115638.0 008 180830s1969 gw u000 u und u 040 $aSeMil$bita 100 1 $aStrauß, Hans.$0(OLS)http://semarc/name/13572 245 10$aHiob /$cHans Strauß. 260 $aNeukirchener :$bNeukirchener Verl. des Erziehungsvereins,$c1969-2000. 300 $a2 v. ;$c25 cm. 650 4$aBibbia. Antico Testamento. Giobbe - Commentari, studi, critica, interpretazioni.$0(OLS)http://semarc/subject/182 774 0 $aHorst, Friedrich$tHiob [1-18].$b2., durchgesehene Aufl.$kBiblischer Kommentar. Altes Testament$g1$w()45439 774 0 $aStrauss, Hans$tHiob 19,1-42,17.$dNeukirchen-Vluyn : Neukirchener, 2000.$kBiblischer Kommentar. Altes Testament$z3-7887-1454-9$g2$w()45449 830 0$aBiblischer Kommentar. Altes Testament ;$v16.$0(OLS)http://semarc/title/46819 996 $6245$aHiob$9(OLS)http://semarc/title/40449 996 $6260$aNeukirchener :$bNeukirchener Verl. des Erziehungsvereins$9(OLS)http://semarc/publisher/29976